[Event "Lovsprings op 11th B"]
[Site "Ringsted"]
[Date "2000.03.24"]
[Round "1"]
[White "Pedersen, Allan"]
[Black "Larsen, Vagn"]
[Result "1/2-1/2"]
[WhiteElo "1672"]
[BlackElo "1686"]
[PlyCount "53"]
[EventDate "2000.03.24"]
[EventType "swiss"]
[EventRounds "7"]
[EventCountry "DEN"]
[SourceTitle "EXT 2023"]
[Source "ChessBase"]
[SourceDate "2022.10.05"]
[SourceVersion "1"]
[SourceVersionDate "2022.10.05"]
[SourceQuality "1"]

1. d4 Nf6 2. Bf4 d5 3. e3 Bf5 4. Bd3 Bxd3 5. Qxd3 Nbd7 6. Nd2 g6 7. Ngf3 Bg7 8. h3 c6 9. 0-0 0-0 10. c3 Re8 11. Ne5 Nh5 12. Nxd7 Nxf4 13. exf4 Qxd7 14. Kh2 f6 15. Nf3 e5 16. fxe5 fxe5 17. dxe5 Bxe5+ 18. Kg1 Bf6 19. Rfe1 Rxe1+ 20. Rxe1 Re8 21. Rxe8+ Qxe8 22. Kf1 Qe7 23. Qe2 Kf7 24. Qd3 a6 25. g3 Qf8 26. Qe3 Qe7 27. Qd3 1/2-1/2